000 00334pab a2200133 454500
008 180718b xxu||||| |||| 00| 0 eng d
100 _aKapoor, Virendra
245 _aRao's one year in office
650 _a Narasimha Rao, P.V
650 _a Prime Minister
650 _aGovernment, Central
773 _aIndian express
909 _a21775
999 _c21775
_d21775